Open Data Biblioteca Nacional de Portugal


República Portuguesa: Ministério da Cultura
Biblioteca Nacional de Portugal

Catálogo da BNP: acesso por Identificadores Unívocos
Registos Bibliográficos associados ao registo de autoridade

Etiqueta de registo: 00254nam 2200025 450
001 2284009
003 http://id.bnportugal.gov.pt/bib/catbnp/2284009
100 ## $a20260409d2025 m y0pory01030103ba
101 0# $apor$deng
102 ## $aPT
105 ## $aa m 000yy
106 ## $ar
200 1# $a A influência da inteligência emocional no desempenho individual percebido, mediada pela motivação para o serviço público$e uma perspetiva multinível$fBárbara Alexandra Pereira de Oliveira$gorient. José Luís Rocha Pereira do Nascimento
210 #9 $aLisboa$c[s.n.],$d2025
215 ## $a[2], X f., 298 p.$cil.$d30 cm
328 #1 $aTese dout. Políticas de Desenvolvimnto de Recursos Humanos, ISCSP - Instituto Superior de Ciências Sociais e Políticas, Universidade de Lisboa, 2025
700 #1 $aOliveira,$bBárbara Alexandra Pereira de$31995227
702 #1 $aNascimento,$b José Luís Rocha Pereira do$4727$31830678
801 #0 $aPT$bBN$gRPC
966 ## $lBN$mFGMON$x1
971 ## $ccsilva$d20260409

OpendataBNP@bnportugal.pt | Mais informação sobre acesso aos dados BNP